Spain World Cup squad 2010 - Statistics

General Stats
  • This quiz has been taken 249 times
  • The average score is 15 of 23
Answer Stats
Hint Answer % Correct
MID 6 Andres Iniesta
98%
GK 1 Iker Casillas
97%
MID 8 Xavi
97%
ATT 9 Fernando Torres
96%
DEF 15 Sergio Ramos
93%
ATT 7 David Villa
92%
DEF 5 Carles Puyol
90%
DEF 3 Gerrard Pique
90%
MID 16 Sergio Busquets
78%
MID 14 Xabi Alonso
77%
GK 12 Victor Valdes
71%
MID 21 David Silva
63%
MID 10 Cesc Fabregas
62%
ATT 18 Pedro
56%
GK 23 Pepe Reina
52%
DEF 11 Capdevila
44%
MID 22 Jesus Navas
43%
DEF 17 Arbeloa
39%
DEF 2 Raul Albiol
37%
ATT 19 Fernando Llorente
31%
ATT 13 Juan Mata
31%
MID 20 Javi Martinez
28%
DEF 4 Carlos Marchena
16%
No matching quizzes found
Score Distribution
Percent of People with Each Score
Percentile by Number Answered
Your Score History
You have not taken this quiz